ბათუმის შოთა რუსთაველის სახელმწიფო უნივერსიტეტის ბიბლიოთეკა

საერთაშორისო მენეჯმენტი = International management : (ბიბ.ჩანაწერი № 43850)

000 -ლიდერი
ფიქსირებული სიგრძის საკონტროლო ველი 01263nam a2200253Ia 4500
001 - საკონტროლო ნომერი
საკონტროლო ველი 10598
003 - საკონტროლო ნომრის იდენტიფიკატორი
საკონტროლო ველი GE_BSU
005 - ბოლო ოპერაციის თარიღი და დრო
საკონტროლო ველი 20211207114506.0
008 - ფიქსირებული სიგრძის მონაცემთა ელემენტები - ზოგადი ინფორმაცია
ფიქსირებული სიგრძის საკონტროლო ველი 181216s2012||||ge |||||||||||||| ||geo||
020 ## - წიგნის საერთაშორისო სტანდარტული ნომერი
International Standard Book Number 9992855269
040 ## - კატალოგიზაციის წყარო
Transcribing agency GE_BSU
041 ## - ენის კოდი
Language code of text/sound track or separate title geo
080 ## - უნივერსალური ათობითი კლასიფიკაციის ინდექსი
Universal Decimal Classification number 005(100)(075.8) შ-48
100 ## - მთავარი ჩანაწერი - პიროვნების სახელი
Personal name შენგელია, თეიმურაზ
9 (RLIN) 814
245 ## - ცნობა სათაურის შესახებ
Title საერთაშორისო მენეჯმენტი = International management :
Remainder of title [სტრატეგიული შესაძლებლობები და კულტურული გამოწვევები] /
Statement of responsibility, etc თეიმურაზ შენგელია; რედ. შ. ვეშაპიძე.
264 ## - წარმოების, გამოცემის, დისტრიბუციის და სხვა ცნობები
გამოცემის, წარმოების, დისტრიბუციის... ადგილი თბილისი :
გამოცემის, წარმოების, დისტრიბუციის... სახელწოდება ახალი საქართველო,
გამოცემის, წარმოების, დისტრიბუციის... თარიღი 2012.
300 ## - ფიზიკური აღწერა
Extent 724 გვ.;
Other physical details ცხრ.ნახ. ;
Dimensions 24 სმ.
500 ## - ზოგადი შენიშვნა
General note ტერმინების განმარტ.ლექსიკონი გვ:675–709.
504 ## - BIBLIOGRAPHY, ETC. NOTE
Bibliography, etc ბიბლიოგრ. გვ.710–723.
653 ## - INDEX TERM--UNCONTROLLED
Uncontrolled term საერთაშორისო მენეჯმენტი
700 ## - ADDED ENTRY--PERSONAL NAME
Personal name ვეშაპიძე, შ.
Relator term რედაქტორი
9 (RLIN) 13186
942 ## - ADDED ENTRY ELEMENTS (KOHA)
Koha item type წიგნი
Source of classification or shelving scheme
ეგზემპლარები
ჩამოწერის სტატუსი დაკარგული ეგზემპლარის სტატუსი კლასიფიკაციის წყარო ან თაროზე გაწყობის სქემა დაზიანების სტატუსი არ გაიცემა მუდმივი მდებარეობა (დაცვის ადგილი) ამჟამინდელი ადგილსამყოფელი თაროზე განთავსების ადგილი შეძენის თარიღი ღირებულება, შესყიდვის ნორმალური ფასი სრული შენახვის შიფრი შტრიხკოდი ბოლო ოპერაციის თარიღი ეგზემპლარის მიმდევრობითი ნომერი (კეტერი?) ფასის ძალაში შესვლის თარიღი ეგზემპლარის სახეობა საჯარო შენიშვნა
          ბათუმის შოთა რუსთაველის სახელმწიფო უნივერსიტეტის მთავარი ბიბლიოთეკა ბათუმის შოთა რუსთაველის სახელმწიფო უნივერსიტეტის მთავარი ბიბლიოთეკა წიგნსაცავი 2018-12-17 38.00 005(100)(075.8) შ-48 34495 2018-12-17 34495 2018-12-17 წიგნი 38 ლ.
          ბათუმის შოთა რუსთაველის სახელმწიფო უნივერსიტეტის მთავარი ბიბლიოთეკა ბათუმის შოთა რუსთაველის სახელმწიფო უნივერსიტეტის მთავარი ბიბლიოთეკა წიგნსაცავი 2018-12-17 38.00 005(100)(075.8) შ-48 35086 2018-12-17 35086 2018-12-17 წიგნი 38 ლ.
          ბათუმის შოთა რუსთაველის სახელმწიფო უნივერსიტეტის მთავარი ბიბლიოთეკა ბათუმის შოთა რუსთაველის სახელმწიფო უნივერსიტეტის მთავარი ბიბლიოთეკა წიგნსაცავი 2018-12-17 38.00 005(100)(075.8) შ-48 35087 2018-12-17 35087 2018-12-17 წიგნი 38 ლ.
          ბათუმის შოთა რუსთაველის სახელმწიფო უნივერსიტეტის მთავარი ბიბლიოთეკა ბათუმის შოთა რუსთაველის სახელმწიფო უნივერსიტეტის მთავარი ბიბლიოთეკა წიგნსაცავი 2018-12-17 30.60 005(100)(075.8) შ-48 47725 2018-12-17 47725 2018-12-17 წიგნი 30 ლ.60 თ.
          ბათუმის შოთა რუსთაველის სახელმწიფო უნივერსიტეტის მთავარი ბიბლიოთეკა ბათუმის შოთა რუსთაველის სახელმწიფო უნივერსიტეტის მთავარი ბიბლიოთეკა წიგნსაცავი 2018-12-17 30.60 005(100)(075.8) შ-48 47726 2018-12-17 47726 2018-12-17 წიგნი 30 ლ.60 თ.
          ბათუმის შოთა რუსთაველის სახელმწიფო უნივერსიტეტის მთავარი ბიბლიოთეკა ბათუმის შოთა რუსთაველის სახელმწიფო უნივერსიტეტის მთავარი ბიბლიოთეკა წიგნსაცავი 2018-12-17 30.60 005(100)(075.8) შ-48 47727 2018-12-17 47727 2018-12-17 წიგნი 30 ლ. 60 თ.
          ბათუმის შოთა რუსთაველის სახელმწიფო უნივერსიტეტის მთავარი ბიბლიოთეკა ბათუმის შოთა რუსთაველის სახელმწიფო უნივერსიტეტის მთავარი ბიბლიოთეკა წიგნსაცავი 2018-12-17 30.60 005(100)(075.8) შ-48 47728 2018-12-17 47728 2018-12-17 წიგნი 30 ლ. 60 თ.